000 006400000a22001450004500
090 _aT R6182c
100 1 _aRodríguez Betancur, John Fredy
245 1 0 _aLas consecuencias que la revolución constantiniana trajo para el gobierno de la iglesia / John Fredy Rodríguez Betancur
260 _aMedellín, Colombia
300 _a61 Pag
500 _aTesis (licenciatura)--Seminario Bíblico de Colombia
520 _a- Gobierno de la iglesia antes de Constantino - Los cambios en la iglesia, los cuales inicio Constantino - La organización de la iglesia despúes de Constantino - Constantino y el poder papal
001 4309
942 _cBK
999 _c34918
_d34918